|
|
|
|
| LEADER |
00000cam a22000004a 4500 |
| 001 |
musev2_4729 |
| 003 |
MdBmJHUP |
| 005 |
20230905040555.0 |
| 006 |
m o d |
| 007 |
cr||||||||nn|n |
| 008 |
021220s2003 nyu o 00 0 eng d |
| 010 |
|
|
|z 2002045251
|
| 020 |
|
|
|a 9780791486139
|
| 020 |
|
|
|z 0791458679
|
| 020 |
|
|
|z 9780791458679
|
| 035 |
|
|
|a (OCoLC)56408574
|
| 040 |
|
|
|a MdBmJHUP
|c MdBmJHUP
|
| 043 |
|
|
|a n-us-ny
|a n-us---
|
| 050 |
0 |
4 |
|a E523.5 121st
|b .G74 2003
|
| 082 |
0 |
|
|a 973.7/81
|2 21
|
| 100 |
1 |
|
|a Greiner, James M.,
|d 1954-
|
| 245 |
1 |
0 |
|a Subdued by the Sword :
|b A Line Officer in the 121st New York Volunteers /
|c James M. Greiner.
|
| 264 |
|
1 |
|a Albany :
|b State University of New York Press,
|c 2003.
|
| 264 |
|
3 |
|a Baltimore, Md. :
|b Project MUSE,
|c 2012
|
| 264 |
|
4 |
|c ©2003.
|
| 300 |
|
|
|a 1 online resource (278 pages):
|b ill., maps ;
|
| 336 |
|
|
|a text
|b txt
|2 rdacontent
|
| 337 |
|
|
|a computer
|b c
|2 rdamedia
|
| 338 |
|
|
|a online resource
|b cr
|2 rdacarrier
|
| 504 |
|
|
|a Includes bibliographical references (p. 249-254) and index.
|
| 588 |
|
|
|a Description based on print version record.
|
| 600 |
1 |
0 |
|a Kidder, Harriet,
|d 1836-1922
|v Correspondence.
|
| 600 |
1 |
0 |
|a Kidder, John S.,
|d 1830-1905
|v Correspondence.
|
| 600 |
1 |
0 |
|a Kidder, John S.,
|d 1830-1905.
|
| 610 |
1 |
0 |
|a United States.
|b Army.
|b New York Infantry Regiment, 121st (1861-1865)
|
| 651 |
|
0 |
|a Laurens (N.Y.)
|v Biography.
|
| 651 |
|
0 |
|a United States
|x History
|y Civil War, 1861-1865
|v Personal narratives.
|
| 651 |
|
0 |
|a United States
|x History
|y Civil War, 1861-1865
|x Regimental histories.
|
| 651 |
|
0 |
|a New York (State)
|x History
|y Civil War, 1861-1865
|v Personal narratives.
|
| 651 |
|
0 |
|a New York (State)
|x History
|y Civil War, 1861-1865
|x Regimental histories.
|
| 650 |
|
0 |
|a Soldiers
|z New York (State)
|z Laurens
|v Biography.
|
| 655 |
|
7 |
|a Electronic books.
|2 local
|
| 710 |
2 |
|
|a Project Muse.
|e distributor
|
| 830 |
|
0 |
|a Book collections on Project MUSE.
|
| 856 |
4 |
0 |
|z Texto completo
|u https://projectmuse.uam.elogim.com/book/4729/
|
| 945 |
|
|
|a Project MUSE - Custom Collection
|
| 945 |
|
|
|a Project MUSE - Archive Complete Foundation
|
| 945 |
|
|
|a Project MUSE - Archive History Foundation
|